Mathematical theory of elastic and elasto-plastic bodies <an> introduction
Salvato in:
| Autore principale: | |
|---|---|
| Altri autori: | |
| Natura: | Libro |
| Lingua: | inglese |
| Pubblicazione: |
Amsterdam
Elsevier
1981
|
| Serie: | Studies in applied mechanics
3 |
| Tags: |
Nessun Tag, puoi essere il primo ad aggiungerne!!
|
MARC
| LEADER | 00000nam a2200000 4500 | ||
|---|---|---|---|
| 001 | c139838 | ||
| 005 | 20250722071258.0 | ||
| 041 | 0 | |a eng | |
| 044 | |a NL | ||
| 245 | 1 | 0 | |a Mathematical theory of elastic and elasto-plastic bodies |b <an> introduction |c Jindřich Nečas, Ivan Hlaváček ; [Translated from the Czech. by Karel Segeth] |
| 264 | 1 | |a Amsterdam |b Elsevier |c 1981 | |
| 300 | |a 341 s. | ||
| 490 | 1 | |a Studies in applied mechanics |v 3 | |
| 830 | 0 | |a Studies in applied mechanics |v 3 | |
| 100 | 1 | |a Nečas, Jindřich | |
| 700 | 1 | |a Hlaváček, Ivan | |